00813nam a22002297a 4500003000900000005001700009008002900026020000600055040002600061082002700087245005200114246004000166260004000206300004100246500000600287650005100293650003000344650002900374710002100403740002800424740013100452DO-SdBPM20250305080119.0171123b2004 ch | 00| 0 spa d a  a DO-SdBPMbspacBPMSU 4a782.42bM995f 200422200a My first songs = Mis canciones en inglés b 13aMis primeras canciones en inglés  aChina : bEditorial Lexus, c2004 aVarias paginaciones :bils.;c24 cm. a  4aInglés xEnceñanzas xCanciones y música 4aCanciones xEnseñanza.  4aCanciones infantiles x 2 aEdiciones Lexus 32aEl bolero en Colombia. 32aLa canción colombiana : su historia, sus compositores, sus mejores intérpretes : 500 canciones armonizadas para guitarra.